The Persian puzzle : (Record no. 1084)

000 -LEADER
fixed length control field 01495nam a22003737a 4500
001 - CONTROL NUMBER
control field 13693731
003 - CONTROL NUMBER IDENTIFIER
control field OSt
005 - DATE AND TIME OF LATEST TRANSACTION
control field 20210426125312.0
008 - FIXED-LENGTH DATA ELEMENTS--GENERAL INFORMATION
fixed length control field 040820s2004 nyub b 001 0 eng
010 ## - LIBRARY OF CONGRESS CONTROL NUMBER
LC control number 2004054153
020 ## - INTERNATIONAL STANDARD BOOK NUMBER
International Standard Book Number 1400063159 (hardcover)
040 ## - CATALOGING SOURCE
Original cataloging agency DLC
Transcribing agency DLC
Modifying agency DLC
042 ## - AUTHENTICATION CODE
Authentication code pcc
043 ## - GEOGRAPHIC AREA CODE
Geographic area code a-ir---
-- n-us---
050 00 - LIBRARY OF CONGRESS CALL NUMBER
Classification number E183.8.I55
Item number P58 2004
080 ## - UNIVERSAL DECIMAL CLASSIFICATION NUMBER
Universal Decimal Classification number 94
Item number P-80
082 00 - DEWEY DECIMAL CLASSIFICATION NUMBER
Classification number 327.73055
Edition number 22
100 1# - MAIN ENTRY--PERSONAL NAME
Personal name Pollack, Kenneth M.
Fuller form of name (Kenneth Michael),
Dates associated with a name 1966-
245 14 - TITLE STATEMENT
Title The Persian puzzle :
Remainder of title the conflict between Iran and America /
Statement of responsibility, etc. Kenneth M. Pollack.
250 ## - EDITION STATEMENT
Edition statement 1st ed.
260 ## - PUBLICATION, DISTRIBUTION, ETC.
Place of publication, distribution, etc. New York :
Name of publisher, distributor, etc. Random House,
Date of publication, distribution, etc. c2004.
300 ## - PHYSICAL DESCRIPTION
Extent xxvi, 539 p. :
Other physical details maps ;
Dimensions 25 cm.
365 ## - TRADE PRICE
Price type code 26.95 USD
500 ## - GENERAL NOTE
General note Includes bibliographical references (p. [495]-518) and index.
651 #0 - SUBJECT ADDED ENTRY--GEOGRAPHIC NAME
Geographic name United States
General subdivision Foreign relations
Geographic subdivision Iran.
651 #0 - SUBJECT ADDED ENTRY--GEOGRAPHIC NAME
Geographic name Iran
General subdivision Foreign relations
Geographic subdivision United States.
653 ## - INDEX TERM--UNCONTROLLED
Uncontrolled term ისტორია
856 42 - ELECTRONIC LOCATION AND ACCESS
Materials specified Contributor biographical information
Uniform Resource Identifier <a href="http://www.loc.gov/catdir/bios/random051/2004054153.html">http://www.loc.gov/catdir/bios/random051/2004054153.html</a>
856 41 - ELECTRONIC LOCATION AND ACCESS
Materials specified Sample text
Uniform Resource Identifier <a href="http://www.loc.gov/catdir/samples/random051/2004054153.html">http://www.loc.gov/catdir/samples/random051/2004054153.html</a>
856 42 - ELECTRONIC LOCATION AND ACCESS
Materials specified Publisher description
Uniform Resource Identifier <a href="http://www.loc.gov/catdir/description/random051/2004054153.html">http://www.loc.gov/catdir/description/random051/2004054153.html</a>
906 ## - LOCAL DATA ELEMENT F, LDF (RLIN)
a 7
b cbc
c orignew
d 1
e ocip
f 20
g y-gencatlg
942 ## - ADDED ENTRY ELEMENTS (KOHA)
Source of classification or shelving scheme
Koha item type Books
Holdings
Withdrawn status Lost status Source of classification or shelving scheme Damaged status Not for loan Permanent location Current location Date acquired Inventory number Total Checkouts Full call number Barcode Date last seen Price effective from Koha item type
          Ken Walker International University Ken Walker International University 02/01/2021 563   94 P-80 563 02/01/2021 02/01/2021 Books

Powered by Koha